[Event "Jaipur op 2nd"]
[Site "Jaipur"]
[Date "2025.04.23"]
[Round "2"]
[White "Sarthak, Rawat"]
[Black "Kavyansh, Jain"]
[Result "1-0"]
[WhiteElo "1894"]
[BlackElo "1610"]
[PlyCount "75"]
[EventDate "2025.04.23"]
[EventType "swiss"]
[EventRounds "9"]
[EventCountry "IND"]
[SourceTitle "CB18_2025"]
[SourceDate "2025.04.30"]
[SourceVersion "1"]
[SourceVersionDate "2025.04.30"]
[SourceQuality "1"]

1. e4 c5 2. Nf3 d6 3. g3 Nc6 4. Bg2 Nf6 5. d3 g6 6. 0-0 Bg7 7. c3 0-0 8. Re1 Bd7 9. h3 Rc8 10. d4 cxd4 11. cxd4 Qc7 12. Nc3 a6 13. Be3 Rfd8 14. Rc1 Qb8 15. d5 Ne5 16. Nxe5 dxe5 17. Bb6 Re8 18. b4 Qd6 19. Bc5 Qb8 20. Na4 Bxa4 21. Qxa4 b6 22. Be3 Qb7 23. Rc6 Rxc6 24. dxc6 Qa7 25. Rd1 Ra8 26. Bf1 h5 27. Qxa6 Qxa6 28. Bxa6 Nxe4 29. c7 Nd6 30. Rxd6 exd6 31. c8Q+ Rxc8 32. Bxc8 d5 33. Bxb6 d4 34. Kf1 d3 35. Be3 e4 36. b5 Kf8 37. b6 Be5 38. Bf4 1-0

[Event "Udaipur Kingdom of Chess op 1st"]
[Site "Udaipur"]
[Date "2024.10.23"]
[Round "2"]
[White "Rachit, H Gurnani"]
[Black "Kavyansh, Jain"]
[Result "1-0"]
[WhiteElo "1989"]
[BlackElo "1643"]
[PlyCount "67"]
[EventDate "2024.10.23"]
[EventType "swiss"]
[EventRounds "9"]
[EventCountry "IND"]
[SourceTitle "CB44_2024"]
[Source "Chessbase"]
[SourceDate "2024.10.30"]
[SourceVersion "1"]
[SourceVersionDate "2024.10.30"]
[SourceQuality "1"]

1. e4 c5 2. Nf3 d6 3. d4 cxd4 4. Nxd4 Nf6 5. Nc3 a6 6. f3 e5 7. Nb3 Be6 8. Be3 Be7 9. Qd2 Nbd7 10. g4 Qc7 11. 0-0-0 a5 12. Nb5 Qc6 13. g5 Nh5 14. Nxd6+ Bxd6 15. Qxd6 Qxd6 16. Rxd6 0-0 17. Bb5 a4 18. Nd2 Rfd8 19. Rd1 Nf8 20. Rxd8 Rxd8 21. Bxa4 Ra8 22. Bb3 Bxb3 23. Nxb3 Ne6 24. a3 Nhf4 25. Bxf4 Nxf4 26. Nc5 b6 27. Nd7 Rd8 28. Nf6+ gxf6 29. Rxd8+ Kg7 30. gxf6+ Kxf6 31. Rd6+ Ne6 32. Rxb6 Kg5 33. Rxe6 fxe6 34. a4 1-0